00732nam a2200205 a 450000100060000000300080000600500170001400800410003103500190007204000330009104100080012408200260013210000320015824501030019026000810029330000330037450400410040765000290044865000490047764182BD-RjUL20211209081259.0170209s1977 iluk b 000 0 eng d a(BD-RjUL)64312 aOCoLCbengcBD-RjULdBD-RjUL aeng 223a301.426bSIM 19771 aSinquefield, Jeanne Cairns.12aA model interview for follow-up studies of family planning acceptors /cJeanne Cairns Sinquefield. aChicago :bCommunity and Family Study Center, University of Chicago,cc1977. aiii, 85 p. :bill. ;c23 cm. aIncludes bibliographical references. 0aBirth controlxResearch. 0aEvaluation research (Social action programs)